000 00939nam a22001577a 4500
005 20120521120127.0
100 _aसेल्वम, नोरा कुट्टी
_947559
245 _aआओ बच्चो तुम्हें सिखाएं/
_c नोरा कुट्टी सेल्वम:शिवानी रामचन्द्रन द्रारा अनुवादन एंव संपादन
260 _aदिल्ली
_bसाहित्य सुरभि
_c2010
270 _a1/9427, वैस्ट रोहतास नगर, शाहदरा
_e110032
300 _a208 पृ.
_c22 सेंमी. (सजिल्द)
490 _aबाल शिक्षण की आदर्श विधियां
_947560
942 _2ddc
_cCH
_mसेल्वम
999 _c66947
_d66947